| 000 | 00392nam a22001217a 4500 | ||
|---|---|---|---|
| 999 |
_c344 _d344 |
||
| 005 | 20200812150146.0 | ||
| 008 | 200812b ||||| |||| 00| 0 eng d | ||
| 020 | _a257748 | ||
| 040 | _cCML | ||
| 245 |
_aThe Press in Africa communications Past and Present. _cAinslie, R. |
||
| 260 |
_aGreat Britain _bEbenezer Baylis And Son Ltd _c1966 |
||
| 942 |
_2ddc _cBK _e1st Edittion _h070 _mAIN |
||